Responses for Show #8799 - Thursday, February 2, 2023

Matthew Marcus game 1.

Contestants

[<< previous game]

Matthew Marcus, a software developer from Portland, Oregon

Anita Perala, a product management consultant from Jersey City, New Jersey

Patti Palmer, a bookseller and retired teacher from Tulsa, Oklahoma (whose 1-day cash winnings total $32,200)

[next game >>]

Jeopardy! Round responses

DWIGHT EISENHOWER
ART-POURRI
SEVEN HEAVEN
"B" + 3
(Ken: Plus three letters, that is.)
TOUCAN
PLAY THAT GAME
    $200 18
West Point

Patti
    $200 17
The Scream

Matthew
    $200 27
(Matthew: Oh.)
...
(Ken: Not a baseball fan.)

Yankee Stadium

Matthew
    $200 5
a blip

Anita
    $200 30
Froot Loops

Matthew
    $200 6
Pokémon

Matthew
    $400 29
Camp David

Patti
    $400 28
O'Keeffe

Anita
    $400 26
baptism

Patti
    $400 3
brig

Matthew
    $400 14
Dora

Anita
    $400 7
Monopoly

Patti
    $600 19
NATO

Matthew
    $600 8
block

Anita
    $600 11
the Anglo-Saxons

Anita
    $600 2
bilk

Matthew
    $600 13
(Matthew: What is Coco?)

Encanto

Matthew
Triple Stumper
    $600 15
(Matthew: What is pai gow?)

keno

Matthew
Triple Stumper
    $800 24
Gettysburg

Patti
    $1,000 9
Goya

Anita
    $800 12
Seventh-day Adventists

Matthew
    $800 1
bide

Matthew
    $800 20
Brendan Fraser

Anita
    $800 23
Yahtzee

Matthew
    $1000 25
Frank Gehry

Triple Stumper
    $1000 10
Rodin

Matthew
    $1000 16
(Patti: Who is John Glenn?)
...
(Ken: Glenn did orbit the Earth, this is [*].)

Alan Shepard

Patti
Triple Stumper
    $1000 4
a bier

Matthew
    $1000 21
Rio

Patti
    $1000 22
Whist

Matthew

Scores at the first commercial break (after clue 15):

Patti Anita Matthew
$400 $2,800 $3,600

Scores at the end of the Jeopardy! Round:

Patti Anita Matthew
$2,200 $4,000 $6,600

Double Jeopardy! Round responses

BIG RIVER
THE BOOK'S SUPPORTING CHARACTERS
NOBEL-WINNING SCIENTISTS
WORD & PHRASE ORIGINS
POP MUSIC
GETTING CLOSE TO THE END
    $400 28
the Nile

Matthew
    $400 17
Tess of the d'Urbervilles

Matthew
    $400 29
a microscope

Matthew
    $400 11
piggyback

Matthew
    $400 21
Midnights

Matthew
    $400 26
(Patti: What's 2-second warning?)

the 2-minute warning

PattiAnita
    $8,000 24
(Ken: That's right, a tributary of the Mississippi.)

the Missouri

Matthew
    $800 16
The Magnificent Ambersons

Anita
    $800 19
yellow fever

Matthew
    $800 6
lukewarm

Matthew
    $800 20
Joan Jett

Matthew
    $800 12
antepenultimate

Anita
    $1200 22
sturgeon

Matthew
    $1200 3
One Flew Over the Cuckoo's Nest

Matthew
    $1200 4
ozone

Matthew
    $1200 5
a swashbuckler

Matthew
    $1200 9
the Minnesota Vikings

Anita
    $1200 13
muster

Matthew
    $1600 23
the Congo

Matthew
    $2,000 1
A Clockwork Orange

Patti
    $1600 18
cosmology

Anita
    $1600 7
ruminate

Patti
    $1600 27
(Ken: Free [*].)

Britney Spears

Triple Stumper
    $1600 14
the dénouement

Matthew
    $2000 8
the Orinoco

Matthew
    $2000 2
The Time Machine

Patti
    $2000 25
free radicals

Matthew
    $2000 10
noblesse oblige

Anita
    $2000 30
Black Sabbath

Triple Stumper
    $2000 15
the coda

Patti

Scores at the end of the Double Jeopardy! Round:

Patti Anita Matthew
$9,400 $10,800 $32,200
(lock game)

[wagering suggestions for these scores]

Final Jeopardy! Round responses

MYTHOLOGY
(Ken: Sought for by the Argonauts.)
PattiWhat is the Golden Fleece?
$9,000
AnitaWhat is the golden fleece?
$8,001
MatthewWhat is the Golden Fleece
$10,000
the Golden Fleece

Final scores:

Patti Anita Matthew
$18,400 $18,801 $42,200
3rd place: $1,000 2nd place: $2,000 New champion: $42,200

Game dynamics:

Coryat scores:

Patti Anita Matthew
$9,000 $10,600 $25,000
10 R
(including 1 DD),
2 W
13 R
(including 1 DD),
0 W
31 R
(including 1 DD),
2 W

Combined Coryat: $44,600

[game clues] [game scores] [suggest correction]

Game tape date: 2022-12-07
The J! Archive is created by fans, for fans. Scraping, republication, monetization, and malicious use prohibited; this site may use cookies and collect identifying information. See terms. The Jeopardy! game show and all elements thereof, including but not limited to copyright and trademark thereto, are the property of Jeopardy Productions, Inc. and are protected under law. This website is not affiliated with, sponsored by, or operated by Jeopardy Productions, Inc. Join the discussion at JBoard.tv.